| 000 | 00760nam a2200229Ia 4500 | ||
|---|---|---|---|
| 999 |
_c45261 _d45261 |
||
| 001 | 12084 | ||
| 003 | GE_BSU | ||
| 005 | 20221118163700.0 | ||
| 008 | 181216s2012en xx |||||||||||||| ||eng|| | ||
| 020 | _a9781781001288x | ||
| 040 | _cGE_BSU | ||
| 041 | _aeng | ||
| 080 | _a338.48/072 H-22 | ||
| 245 |
_aHandbook of Research Methods in Tourism / _cEdited by: Larry Dwyer, Alison Gill |
||
| 264 |
_aCheltenham : _bEdward Elgar, _c2012. |
||
| 300 |
_a514 p.: _b25 cm. |
||
| 653 | _aHandbook of Research Methods in Tourism | ||
| 653 | _aტურიზმში კვლევის მეთოდები | ||
| 700 |
_a Dwyer, Larry _eრედაქტორი _915943 |
||
| 700 |
_aGill, Alison _eრედაქტორი _915944 |
||
| 942 |
_cBK _2udc |
||